| 000 | 00545 a2200133 4500 | ||
|---|---|---|---|
| 082 | _aMIT-2 | ||
| 100 |
_aRaja Haider Ali _9106894 |
||
| 245 |
_aArchitecture of Security and Detection of Anomalous Agents for FIFA Compliant Multi Agent System SAGE _cRaja Haider Ali |
||
| 260 |
_aIslamabad: _bNUST School of Electrical Engineering & Computer Science, _c2005. |
||
| 300 |
_av, 72 p. : _b ill. ; _c 27 cm. |
||
| 500 | _aSupervisor : Dr. Hafiz Farooq Ahmad. | ||
| 856 | _uhttp://10.250.8.41:8080/xmlui/handle/123456789/31922 | ||
| 942 |
_cPR _kMIT-2 HAI _2ddc |
||
| 999 |
_c9432 _d9432 |
||